[Event "EU-ch Cities&Town op"]
[Site "Tornelo INT"]
[Date "2023.01.29"]
[Round "?"]
[White "Hristodoulou, Panagiotis"]
[Black "Mavroudis, Dimitris"]
[Result "1/2-1/2"]
[WhiteElo "2372"]
[BlackElo "1973"]
[PlyCount "69"]
[EventDate "2023.01.29"]
[EventType "team-swiss"]
[EventRounds "9"]
[EventCountry "NET"]
[SourceTitle "CBM 212 Extra"]
[Source "ChessBase"]
[SourceDate "2023.03.31"]
[SourceVersion "1"]
[SourceVersionDate "2023.03.31"]
[SourceQuality "1"]
[WhiteTeam "Heraklion"]
[BlackTeam "Trikala"]
[WhiteTeamCountry "GRE"]
[BlackTeamCountry "GRE"]

1. d4 d5 2. Nc3 Bf5 3. Bf4 e6 4. e3 c6 5. f3 Nf6 6. g4 Bg6 7. h4 h5 8. g5 Nfd7 9. Bd3 Bxd3 10. Qxd3 g6 11. Nge2 Bg7 12. e4 dxe4 13. Qxe4 0-0 14. 0-0-0 Nb6 15. Be5 N8d7 16. Bxg7 Kxg7 17. Nf4 Re8 18. Rhe1 Nd5 19. Nce2 Qc7 20. c4 Nxf4 21. Nxf4 Nb6 22. b3 c5 23. dxc5 Qxc5 24. Qe5+ Qxe5 25. Rxe5 Red8 26. Rxd8 Rxd8 27. Rxe6 Rd4 28. Re4 Rxe4 29. fxe4 f6 30. gxf6+ Kxf6 31. Nd5+ Ke5 32. Ne7 Kf6 33. Nd5+ Ke5 34. Ne7 Kf6 35. Nd5+ 1/2-1/2

[Event "EU-ch Cities&Town op"]
[Site "Tornelo INT"]
[Date "2023.01.29"]
[Round "?"]
[White "Mavroudis, Dimitris"]
[Black "Kumar, Sanjit S"]
[Result "1-0"]
[WhiteElo "1973"]
[BlackElo "1968"]
[PlyCount "79"]
[EventDate "2023.01.29"]
[EventType "team-swiss"]
[EventRounds "9"]
[EventCountry "NET"]
[SourceTitle "CBM 212 Extra"]
[Source "ChessBase"]
[SourceDate "2023.03.31"]
[SourceVersion "1"]
[SourceVersionDate "2023.03.31"]
[SourceQuality "1"]
[WhiteTeam "Trikala"]
[BlackTeam "London U18"]
[WhiteTeamCountry "GRE"]
[BlackTeamCountry "ENG"]

1. d4 d5 2. c4 c6 3. cxd5 cxd5 4. Nc3 Nf6 5. Nf3 Nc6 6. Bf4 a6 7. Rc1 e6 8. e3 Bd6 9. Bg5 0-0 10. Bd3 h6 11. Bh4 Bd7 12. a3 Qe7 13. 0-0 Rfc8 14. b4 b5 15. Nd2 Rc7 16. Nb3 Rac8 17. Nc5 Bxc5 18. dxc5 Be8 19. Bb1 Rd7 20. Ne2 e5 21. Bf5 Rcd8 22. Bxd7 Rxd7 23. Nc3 g5 24. Bg3 d4 25. exd4 Rxd4 26. Qe2 Nd7 27. f3 f5 28. Bf2 Rc4 29. Nd5 Qd8 30. Rxc4 bxc4 31. Rd1 Bf7 32. Nb6 Ncb8 33. Qd2 c3 34. Qxc3 Qc7 35. Nxd7 Nxd7 36. Qd3 Be6 37. Qxa6 Kf7 38. Qd6 Qc8 39. c6 Nf6 40. b5 1-0

[Event "EU-ch Cities&Town op"]
[Site "Tornelo INT"]
[Date "2023.01.29"]
[Round "?"]
[White "Nastase, Robert Paul"]
[Black "Mavroudis, Dimitris"]
[Result "1-0"]
[WhiteElo "2229"]
[BlackElo "1973"]
[PlyCount "99"]
[EventDate "2023.01.29"]
[EventType "team-swiss"]
[EventRounds "9"]
[EventCountry "NET"]
[SourceTitle "CBM 212 Extra"]
[Source "ChessBase"]
[SourceDate "2023.03.31"]
[SourceVersion "1"]
[SourceVersionDate "2023.03.31"]
[SourceQuality "1"]
[WhiteTeam "Snagov"]
[BlackTeam "Trikala"]
[WhiteTeamCountry "ROU"]
[BlackTeamCountry "GRE"]

1. e4 e6 2. d4 d5 3. Nc3 Nf6 4. e5 Nfd7 5. f4 c5 6. Nf3 Nc6 7. Be3 a6 8. Qd2 b5 9. dxc5 Bxc5 10. Bxc5 Nxc5 11. 0-0-0 Qb6 12. Bd3 b4 13. Ne2 a5 14. Ned4 Ba6 15. Nxc6 Qxc6 16. Kb1 g6 17. g4 h5 18. h3 hxg4 19. hxg4 Ke7 20. Rxh8 Rxh8 21. f5 gxf5 22. gxf5 Bxd3 23. cxd3 exf5 24. Qg5+ Ke8 25. Qxf5 Qe6 26. Qf4 Qg6 27. Qd4 Ne6 28. Qxd5 Rh3 29. Nd4 Nf4 30. Qa8+ Kd7 31. Qa7+ Ke8 32. Rc1 Kf8 33. Nc2 Nxd3 34. Rd1 Nf4 35. Qxa5 b3 36. axb3 Rxb3 37. Qa4 Qg3 38. Rf1 Qc3 39. Qa2 Nd3 40. Qa8+ Ke7 41. Qa7+ Kd8 42. Qa8+ Kc7 43. Rxf7+ Kb6 44. Rb7+ Kc5 45. Rc7+ Kb6 46. Rxc3 Rxb2+ 47. Ka1 Rb5 48. Qc6+ Ka7 49. Ra3+ Ra5 50. Rxa5+ 1-0